#6 in 30 Languages Quiz Stats

 Plays Quiz not verified by Sporcle

Also try: #5 in 30 Languages
Challenge
Share
Tweet
Embed
Score 0/30 Timer 05:00
0 Plays Today
% Correct
88.8%
ستّة
85.7%
έξι
84.7%
sechs
75.5%
six
74.5%
῾eono
74.5%
זעקס
73.5%
sei
72.4%
sześć
71.4%
sex
70.4%
หก
67.3%
kuusi
66.3%
altı
66.3%
kuus
65.3%
шесть
64.3%
% Correct
gjashtë
60.2%
isithupha
60.2%
seks
56.1%
seis
50%
шість
50%
шест
49%
šest
45.9%
ses
42.9%
sáu
40.8%
hat
37.8%
anim
35.7%
enem
34.7%
zes
31.6%
șase
30.6%
sita
21.4%

You're not logged in!

Compare scores with friends on all Sporcle quizzes.
OR
Log In

You Might Also Like...

Show Comments

Extras

Top Quizzes Today


Score Distribution

Your Account Isn't Verified!

In order to create a playlist on Sporcle, you need to verify the email address you used during registration. Go to your Sporcle Settings to finish the process.

Report this User

Report this user for behavior that violates our Community Guidelines.

Details: